00760nam a22001337a 4500008004100000020001800041050001600059100001900075245004600094260004300140300004200183500037200225650002900597200629b xxu||||| |||| 00| 0 eng d a9780721691879 aRA412.2.B76 aBrown, Jill L. aMedical insurance made easy./bA worktext aLondon;bW.B. Saunders company,c2012. aix, 415p. + various pagingse1 CD ROM aLearning to speak the Language You are part of a team How the medical claim cycle workng private indemnity and managed care medical plans Government medical plans Basic principles for diagnosing medical plans Basic principles for diagnosing coding HCFA-1500 claim form Reimbursement success Developing critical thinking skills: problems and making decisions aHealth isurance - claims